El nuevo Código Civil y comercial (Registro nro. 29522)

Detalles MARC
000 -LEADER
fixed length control field 00325 a2200109 4500
001 - CONTROL NUMBER
control field ART_28339
005 - DATE AND TIME OF LATEST TRANSACTION
control field 20260410161941.0
008 - FIXED-LENGTH DATA ELEMENTS--GENERAL INFORMATION
fixed length control field 260409a
100 1# - MAIN ENTRY--PERSONAL NAME
Personal name Rodríguez Mancini, Jorge
245 10 - TITLE STATEMENT
Title El nuevo Código Civil y comercial
773 0# - HOST ITEM ENTRY
Title Temas de derecho laboral
Related parts - Nº 11 (nov. 2014)
Record control number REV27619

No hay ítems disponibles.